| Tag |
First Indicator |
Second Indicator |
Subfields |
| LEADER |
00000cam a2200000 i 4500 |
| 001 |
in00001606348 |
| 005 |
20151023052156.0 |
| 008 |
751121s1975 dcua b f000 0 eng |
| 010 |
|
|
|a 75619387
|
| 035 |
|
|
|a (OCoLC)ocm01974782
|
| 040 |
|
|
|a DLC
|c DLC
|d UtOrBLW
|
| 043 |
|
|
|a n-us-oh
|
| 049 |
|
|
|a TXAM
|
| 050 |
0 |
0 |
|a QL155
|b .A4 no. 71
|a QL696.S83
|
| 082 |
0 |
0 |
|a 596/.0097 s
|a 598.9/7
|
| 086 |
0 |
|
|a I 49.30:71
|
| 100 |
1 |
|
|a VanCamp, Laurel F.
|
| 245 |
1 |
4 |
|a The screech owl, its life history and population ecology in northern Ohio /
|c by Laurel F. VanCamp and Charles J. Henny.
|
| 264 |
|
1 |
|a Washington :
|b U.S. Dept. of Interior, Fish and Wildlife Service,
|c 1975.
|
| 300 |
|
|
|a v, 65 pages :
|b illustrations ;
|c 24 cm.
|
| 336 |
|
|
|a text
|b txt
|2 rdacontent
|
| 337 |
|
|
|a unmediated
|b n
|2 rdamedia
|
| 338 |
|
|
|a volume
|b nc
|2 rdacarrier
|
| 490 |
1 |
|
|a North American fauna,
|v no. 71
|
| 504 |
|
|
|a Bibliography: pages 63-65.
|
| 650 |
|
0 |
|a Screech owls.
|
| 650 |
|
0 |
|a Birds
|z Ohio.
|
| 650 |
|
0 |
|a Bird populations.
|
| 700 |
1 |
|
|a Henny, Charles J.,
|e author.
|
| 830 |
|
0 |
|a North American fauna ;
|v no. 71.
|
| 994 |
|
|
|a E0
|b TXA
|
| 999 |
|
|
|a MARS
|
| 999 |
f |
f |
|s 9c5a51c1-143a-3d2d-be68-767fded899a2
|i 71f99e1b-3c65-3176-950b-feb7cd235374
|t 0
|
| 952 |
f |
f |
|p normal
|a Texas A&M University
|b College Station
|c Sterling C. Evans Library
|d Evans: US Documents (Annex 5th floor)
|t 0
|e I 49.30:70-73
|h Superintendent of Documents classification
|i unmediated -- volume
|m A14827466915
|
| 952 |
f |
f |
|a Texas A&M University
|b College Station
|c Sterling C. Evans Library
|d Evans: US Documents (Annex 5th floor)
|t 0
|e I 49.30:70-73
|h Superintendent of Documents classification
|
| 998 |
f |
f |
|a I 49.30:70-73
|t 0
|l Evans: US Documents (Annex 5th floor)
|